<?xml version="1.0" encoding="UTF-8"?>
<record
    xmlns:xsi="http://www.w3.org/2001/XMLSchema-instance"
    xsi:schemaLocation="http://www.loc.gov/MARC21/slim http://www.loc.gov/standards/marcxml/schema/MARC21slim.xsd"
    xmlns="http://www.loc.gov/MARC21/slim">

  <leader>03346cam a22003498i 4500</leader>
  <datafield tag="999" ind1=" " ind2=" ">
    <subfield code="c">29264</subfield>
    <subfield code="d">29235</subfield>
  </datafield>
  <controlfield tag="001">21763309</controlfield>
  <controlfield tag="003">EG-ScBUE</controlfield>
  <controlfield tag="005">20210727141409.0</controlfield>
  <controlfield tag="008">201020s2021    nyu    f b    000 0 eng d</controlfield>
  <datafield tag="020" ind1=" " ind2=" ">
    <subfield code="a">9780367653545</subfield>
  </datafield>
  <datafield tag="040" ind1=" " ind2=" ">
    <subfield code="a">DLC</subfield>
    <subfield code="b">eng</subfield>
    <subfield code="e">rda</subfield>
    <subfield code="c">DLC</subfield>
    <subfield code="d">EG-ScBUE</subfield>
  </datafield>
  <datafield tag="082" ind1="0" ind2="4">
    <subfield code="a">808.02</subfield>
    <subfield code="b">FAN</subfield>
    <subfield code="2">22</subfield>
  </datafield>
  <datafield tag="100" ind1="1" ind2=" ">
    <subfield code="a">Fang, Zhihui,</subfield>
    <subfield code="e">author.</subfield>
    <subfield code="9">17963</subfield>
  </datafield>
  <datafield tag="245" ind1="1" ind2="0">
    <subfield code="a">Demystifying academic writing :</subfield>
    <subfield code="b">genres, moves, skills, and strategies /</subfield>
    <subfield code="c">Zhihui Fang.</subfield>
  </datafield>
  <datafield tag="264" ind1=" " ind2="1">
    <subfield code="a">New York :</subfield>
    <subfield code="b">Routledge,</subfield>
    <subfield code="c">2021.</subfield>
  </datafield>
  <datafield tag="300" ind1=" " ind2=" ">
    <subfield code="a">xv, 270 pages ;</subfield>
    <subfield code="c">24 cm</subfield>
  </datafield>
  <datafield tag="336" ind1=" " ind2=" ">
    <subfield code="a">text</subfield>
    <subfield code="b">txt</subfield>
    <subfield code="2">rdacontent</subfield>
  </datafield>
  <datafield tag="337" ind1=" " ind2=" ">
    <subfield code="a">unmediated</subfield>
    <subfield code="b">n</subfield>
    <subfield code="2">rdamedia</subfield>
  </datafield>
  <datafield tag="338" ind1=" " ind2=" ">
    <subfield code="a">volume</subfield>
    <subfield code="b">nc</subfield>
    <subfield code="2">rdacarrier</subfield>
  </datafield>
  <datafield tag="500" ind1=" " ind2=" ">
    <subfield code="a">Includes appendix.</subfield>
  </datafield>
  <datafield tag="504" ind1=" " ind2=" ">
    <subfield code="a">Includes bibliographical references.</subfield>
  </datafield>
  <datafield tag="505" ind1="0" ind2=" ">
    <subfield code="a">Section I Unpacking Academic Writing -- Chapter 1 What is Academic Writing? -- Chapter 2 Linguistic Features of Academic Writing -- Chapter 3 Skills and Strategies for Academic Writing: Part One -- Chapter 4 Skills and Strategies for Academic Writing: Part Two -- Section II Writing Academic Genres -- Chapter 5 Writing a Reading Response -- Chapter 6 Writing a Book Review -- Chapter 7 Writing a Literature Review -- Chapter 8 Writing an Argumentative Essay -- Chapter 9 Writing an Empirical Research Article -- Chapter 10 Writing a Grant Proposal -- Section III Maximizing Success in Writing and Publishing -- Chapter 11 Building Capacity for Academic Writing -- Chapter 12 Writing for Scholarly Publication -- Appendix A Survey of Academic Writing Needs -- Appendix B Checklist for Self Assessment of Academic Writing</subfield>
  </datafield>
  <datafield tag="520" ind1=" " ind2=" ">
    <subfield code="a">"Accessible and informative, this book is designed to enhance the capacity of graduate and undergraduate students, as well as early career scholars, to write for academic purposes. Fang describes the key genres and types of academic writing, explains common rhetorical moves, offers linguistic strategies and insights to give students the skills they need for effective academic writing across genres and disciplines. Fang's functional linguistic approach to academic writing enables readers to do so much more than write well-formed grammatical sentences; it leverages writing as a meaning-making process to position language choices as the central focus. Covering reading responses, book reviews, essays, empirical research articles, grant proposals, and more, this text is an all-in-one resource for building a successful career in academic writing and scholarly publishing. Each chapter features authentic writing examples as well as thoughtful analysis, and practical applications, and reflective questions. Fang compliments these examples with self-assessment tools for writers. Assuming no technical knowledge, this text is ideal for both non-native and native English speakers alike, and for courses in academic writing, composition, and L2 writing instruction"--</subfield>
    <subfield code="c">Provided by publisher.</subfield>
  </datafield>
  <datafield tag="650" ind1=" " ind2="7">
    <subfield code="a">Academic writing.</subfield>
    <subfield code="2">BUEsh</subfield>
  </datafield>
  <datafield tag="653" ind1=" " ind2=" ">
    <subfield code="b">HHUUEENN</subfield>
    <subfield code="c">July2020</subfield>
  </datafield>
  <datafield tag="655" ind1=" " ind2=" ">
    <subfield code="v">Reading book</subfield>
    <subfield code="9">34232</subfield>
  </datafield>
  <datafield tag="776" ind1="0" ind2="8">
    <subfield code="i">Online version:</subfield>
    <subfield code="a">Fang, Zhihui,</subfield>
    <subfield code="t">Demystifying academic writing</subfield>
    <subfield code="d">New York : Routledge, 2021.</subfield>
    <subfield code="z">9781003131618</subfield>
    <subfield code="w">(DLC) 2020047513</subfield>
  </datafield>
  <datafield tag="906" ind1=" " ind2=" ">
    <subfield code="a">7</subfield>
    <subfield code="b">cbc</subfield>
    <subfield code="c">orignew</subfield>
    <subfield code="d">1</subfield>
    <subfield code="e">ecip</subfield>
    <subfield code="f">20</subfield>
    <subfield code="g">y-gencatlg</subfield>
  </datafield>
  <datafield tag="942" ind1=" " ind2=" ">
    <subfield code="2">ddc</subfield>
    <subfield code="c">BB</subfield>
  </datafield>
  <datafield tag="952" ind1=" " ind2=" ">
    <subfield code="0">0</subfield>
    <subfield code="1">0</subfield>
    <subfield code="2">ddc</subfield>
    <subfield code="4">0</subfield>
    <subfield code="7">0</subfield>
    <subfield code="8">Alahram</subfield>
    <subfield code="a">MAIN</subfield>
    <subfield code="b">MAIN</subfield>
    <subfield code="c">2ND</subfield>
    <subfield code="d">2021-07-27</subfield>
    <subfield code="e">Purchase</subfield>
    <subfield code="g">819.00</subfield>
    <subfield code="l">0</subfield>
    <subfield code="o">808.02 FAN</subfield>
    <subfield code="p">000050431</subfield>
    <subfield code="r">2025-07-15 00:00:00</subfield>
    <subfield code="v">1023.75</subfield>
    <subfield code="w">2021-07-27</subfield>
    <subfield code="y">BB</subfield>
  </datafield>
</record>
